Maquinaria para el cultivo y recolección de la vid

Furkejuvvon:
Bibliográfalaš dieđut
Váldodahkki: Gil Sierra, Jacinto (autor)
Materiálatiipa: Girji
Giella:espánnjágiella
Almmustuhtton: Bilbao Mundi-Prensa 1989
Preanttus:1a. ed
Ráidu:Agroguías Mundi-Prensa
Fáttát:
Fáddágilkorat: Lasit fáddágilkoriid
Eai fáddágilkorat, Lasit vuosttaš fáddágilkora!

MARC

LEADER 00000nam a2200000 a 4500
001 UCK4649
003 CL-VaPUC
008 050617e19890000SP |||||||||||||||||spa|d
020 |a 8471142643 
082 0 4 |a 631.3  |b GIL  |2 21 
100 |a Gil Sierra, Jacinto  |e autor  |9 493232 
245 1 0 |a Maquinaria para el cultivo y recolección de la vid 
250 |a 1a. ed 
300 |a 132 p 
942 |c BK 
945 |d 20050617 00:00:00  |a cmena 
260 |a Bilbao  |b Mundi-Prensa  |c 1989 
650 0 |a Agricultura  |9 255598 
650 7 |a MAQUINARIA AGRICOLA  |2 CL-VaPUC  |9 264357 
650 0 |a Viñedos  |9 389603 
583 |a last modification  |c 20050617 00:00:00  |k Rodrigo Vera 
490 0 |a Agroguías Mundi-Prensa 
999 |c 313468  |d 313466 
952 |0 0  |1 0  |4 0  |6 631_300000000000000_GIL_1989  |7 0  |8 A  |9 384834  |a BIBAGR  |b BIBAGR  |d 2019-11-22  |i 4139348  |o 631.3 GIL 1989  |p 4139348  |r 2025-01-20  |w 2019-11-22  |y BK  |k AGR